<?xml version="1.0" encoding="UTF-8"?>
<marc:record xmlns:marc="http://www.loc.gov/MARC21/slim">
   <marc:leader>00000nam a2200000 a 4500</marc:leader>
   <marc:datafield ind1="1" ind2=" " tag="100">
      <marc:subfield code="a">SCHÖNMANN, Mark</marc:subfield>
   </marc:datafield>
   <marc:datafield ind1="1" ind2=" " tag="100">
      <marc:subfield code="a">FICHTINGER, Elisabeth</marc:subfield>
   </marc:datafield>
   <marc:datafield ind1="1" ind2=" " tag="100">
      <marc:subfield code="a">EXL, Engelbert M.</marc:subfield>
   </marc:datafield>
   <marc:datafield ind1=" " ind2=" " tag="653">
      <marc:subfield code="a">Festschrift</marc:subfield>
   </marc:datafield>
   <marc:datafield ind1=" " ind2=" " tag="653">
      <marc:subfield code="a">Mistelbach</marc:subfield>
   </marc:datafield>
   <marc:datafield ind1=" " ind2=" " tag="653">
      <marc:subfield code="a">Geschichte 1999-2024</marc:subfield>
   </marc:datafield>
   <marc:datafield ind1="0" ind2="0" tag="245">
      <marc:subfield code="a">Mistelbach 150 Jahre Stadt</marc:subfield>
   </marc:datafield>
   <marc:datafield ind1="0" ind2="0" tag="245">
      <marc:subfield code="b">¬die¬ Jahre 1999 bis 2024 : Fortsetzungsband zu "Mistelbach 125 Jahre Stadt - ein Lesebuch"</marc:subfield>
   </marc:datafield>
   <marc:datafield ind1="0" ind2="0" tag="245">
      <marc:subfield code="c">Engelbert M. Exl, Elisabeth Fichtinger und Mark Schönmann</marc:subfield>
   </marc:datafield>
   <marc:datafield ind1=" " ind2="1" tag="264">
      <marc:subfield code="a">Mistelbach</marc:subfield>
      <marc:subfield code="b">Stadtgemeinde Mistelbach</marc:subfield>
      <marc:subfield code="c">2024</marc:subfield>
   </marc:datafield>
   <marc:datafield ind1=" " ind2=" " tag="250">
      <marc:subfield code="a">1. Auflage</marc:subfield>
   </marc:datafield>
   <marc:datafield ind1="1" ind2=" " tag="520">
      <marc:subfield code="a">Anlässlich des 150-jährigen Jubiläums der Stadterhebung hat die Stadtgemeinde Mistelbach eine neue Chronik herausgebracht: &#x84;Mistelbach &#x96; 150 Jahre Stadt. Ergänzungsband zu &#x82;Mistelbach 125 Jahre Stadt &#x96; ein Lesebuch&#x91;&#x93;. Dieses Buch bietet spannende Einblicke in die jüngere Geschichte Mistelbachs und beleuchtet die Entwicklungen von 1999 bis 2024.</marc:subfield>
   </marc:datafield>
   <marc:datafield ind1=" " ind2=" " tag="020">
      <marc:subfield code="a">9783950102819</marc:subfield>
      <marc:subfield code="9">9783950102819</marc:subfield>
   </marc:datafield>
   <marc:datafield ind1=" " ind2=" " tag="020">
      <marc:subfield code="a">3950102817</marc:subfield>
      <marc:subfield code="9">3950102817</marc:subfield>
   </marc:datafield>
   <marc:datafield ind1=" " ind2=" " tag="300">
      <marc:subfield code="a">269 Seiten, Illustrationen</marc:subfield>
   </marc:datafield>
</marc:record>
